Adventures in theoretical physics: (Record no. 754748)
[ view plain ]
| 000 -LEADER | |
|---|---|
| fixed length control field | 00481nam a22001577a 4500 |
| 020 ## - INTERNATIONAL STANDARD BOOK NUMBER | |
| ISBN | 9789812565228 |
| 082 ## - DEWEY DECIMAL CLASSIFICATION NUMBER | |
| Classification number | 530.15 |
| 100 ## - MAIN ENTRY--AUTHOR NAME | |
| Personal name | Adler, Stephen L |
| 245 ## - TITLE STATEMENT | |
| Title | Adventures in theoretical physics: |
| Sub Title | selected papers with commentaries |
| 260 ## - PUBLICATION, DISTRIBUTION, ETC. (IMPRINT) | |
| Place of publication | Singapore: |
| Name of publisher | World Scientific, |
| Year of publication | 2006. |
| 300 ## - PHYSICAL DESCRIPTION | |
| Number of Pages | xv,744p. |
| 490 ## - SERIES STATEMENT | |
| Series statement | World Scientific series in 20th century physics Vol.37 |
| 650 ## - SUBJECT ADDED ENTRY--TOPICAL TERM | |
| Topical Term | Mathematical Physics |
| 942 ## - ADDED ENTRY ELEMENTS (KOHA) | |
| Source of classification or shelving scheme | Dewey Decimal Classification |
| Koha item type | Book |
| Withdrawn status | Lost status | Source of classification or shelving scheme | Damaged status | Not for loan | Collection code | Home Library | Current Location | Shelving location | Date acquired | Source of acquisition | Cost, normal purchase price | Full call number | Accession Number | Price effective from | Koha item type |
|---|---|---|---|---|---|---|---|---|---|---|---|---|---|---|---|
| Dewey Decimal Classification | Non-fiction | Dept. of Physics | Dept. of Physics | General Stacks | 03/01/2026 | SBS-T/21 dt 05-01-2026 | 24733.98 | 530.15 ADL-A | PHY9035 | 03/01/2026 | Book |
